000 00409pab a2200169 454500
008 180718b2017 xxu||||| |||| 00| 0 eng d
100 _aAjit Kumar
245 _aDoubling farmers income: empowerment of farmers and rural youth
260 _c2017
300 _ap.92-95.
362 _a30 Jan
650 _aIncome
650 _aYouth
650 _aFarmers
773 _aUniversity News
909 _a113770
999 _c113764
_d113764